| 000 | 00507nam a22001697a 4500 | ||
|---|---|---|---|
| 003 | DO-SdBNP | ||
| 005 | 20180202085713.0 | ||
| 008 | 160914b 1962 fr||||| |||| 00| 0 spa d | ||
| 040 |
_aBMPSU _bspa _cBMPSU |
||
| 100 | 1 | _aPuccini, Dario | |
| 245 | 1 | 0 |
_aLe romancero de la résistance espagnole : _banthologic poétique bilingue / _cDario Puccini. |
| 260 |
_aParis : _bFrancois Maspero, _c1962. |
||
| 300 |
_a486 p. ; _c23 cm |
||
| 942 |
_2ddc _cBK |
||
| 945 | _aInventariado, 2018 /LP | ||
| 956 |
_aDGARCIA _b10 |
||
| 999 |
_c11363 _d11363 |
||